000 00627nam a2200241Ia 4500
003 OSt
005 20221007064748.0
006 a|||||r|||| 00| 0
007 ta
008 221006b |||||||| |||| 00| 0 eng d
024 _a22,012
037 _cTextual
040 _aFLL
_cFLL
_beng
041 _2eng
_aeng
082 _aZ2,985, K0;1
100 _aVenkatesam E.
245 0 _aContracts & negotiable instruments
250 _a5th
260 _aDelhi
_bMedical & Law Book House India
_c1963
300 _avi,285p
_ccm.
942 _hZ2,985, K0;1
_cTEXL
_2CC
999 _c1135262
_d1135262